00740nam a22002177a 45000050016000000100014000160200026000300350013000560370013000690820012000821000026000942450055001202600075001752700018002503000029002686500022002976500023003199420026003429990017003689520137003852010080509129.0 aENG-98347 a9788190905589c150.00 aEN-81880 bDBAD/PUB a585.012 aChinnapappu, P.96473 aPteridophytes and gymnosperms /cby P. Chinnapappu aSalembSreerengayammal Memorial Educational and Charitable Trustc2009 bSaleme636006 a133p. :billc20cm (pbk) aGymnosperms96474 aPteridophyta96475 2ddccENh585.012mCHI c39362d39362 001040718NFICaDBADbDBADd2010-08-05eDBAD/PUBg150.00l0o585.012 CHIpEN-81880r2010-08-05 00:00:00t1v150.00w2010-08-05yEN